000 00467cam a2200193ua 4500
001 7908
008 141230n ii |||gr||||Z||||||hin
040 _cMAIN
041 _ahin
082 _a891.433
100 _aMitra, S.,
_eAuthor.
245 1 _aPutri ka kathan
_cBy Saoli Mitra
250 _a1st.
260 _aNew Delhi:
_bRatriya natya,
_c1999.
300 _a128p.
653 _aEast Indo-European & Celtic literatures
653 _aHindi novels
942 _cBK
999 _c7028
_d7028